000 00830nam a22002537a 4500
001 113547
003 DR-UNIBE
005 20250507150024.0
008 250502b2009 mx ||||| |||| 00| 0 spa d
020 _a9786074681246
040 _aBIBLIOTECA UNIBE
_bspa
_cBIBLIOTECA UNIBE
_erda
041 _aspa
082 _aF 5681
110 2 _aSuprema Corte de Justicia de la Nación
_9194896
245 _aDel tribunal de menores infractores al sistema integral de justicia para adolescentes
260 _aMéxico :
_bSuprema Corte de Justicia de la Nación,
_c2009
300 _a86 páginas
490 _aCuaderno de Jurisprudencia,
_v4
650 7 _2lemb
_aCrímenes
_9195033
650 7 _2lemb
_aDelicuencia
_9195034
650 7 _2lemb
_aResponsabilidad penal
650 7 _2lemb
_aGarantías constitucionales
942 _2ddc
_cMX
999 _c113547
_d113547